Quizzes
Events
Quiz Creation
Community
Videos
Private Events
Remove Ads
Sign In
Join for FREE
Feedback
Dark Mode
Quiz Categories
Sports
Geography
Music
Movies
Television
Just For Fun
Miscellaneous
History
Literature
Language
Science
Gaming
Entertainment
Religion
Holiday
For Kids
Quiz Lab
Recent
Popular Today
Quiz Kudos Today
Editor Picks
Curator Picks
Quizzes by...
Day
Popularity
Type
Ratings
Length
Year
Community
Subscriptions
Recent Discussions
Orange Saloon
Badges
Playlists
Quests
Create
Leaderboards
Showdown
Live 5
Trivia Bingo
Activity
Puzzle Library
Sporcle Events
Private Events
Virtual Trivia
Globe League
Become a Host
Pub Owners
SporcleCon
Opinionation
Our Games
Videos
Blog
Mobile Apps
Partnerships
Remove Ads and Go Orange
Feedback
Sports
Athletes
MLB
NBA
NHL
NFL
Soccer
Sports Teams
WWE
NCAA
Football
Premier League
Basketball
Baseball
Hockey
Golf
Tennis
Cricket
Rugby
Auto Racing
Olympics
World Cup
Sports
Athletes
MLB
NBA
NHL
NFL
Soccer
Sports Teams
WWE
NCAA
Football
Premier League
Basketball
Baseball
Hockey
Golf
Tennis
Cricket
Rugby
Auto Racing
Olympics
World Cup
Random Quiz
Search Sporcle
×
Quiz Lab
Quiz Lab
Sports
2012
Type in answers that appear in a list
Type in answers that appear in a list
Classic
Best Score? Go Orange.
2012 Sports Illustrated Pre Season All Americans Stats
Can you name the 2012 SI All Americans?
By
jcn92
6m
26 Questions
105 Plays
105 Plays
105 Plays
Comments
Comments
Give Quiz Kudos
Give Quiz Kudos
-
- Ratings
hide this ad
Replay
Link that replays current quiz
Next Quiz
Link to next quiz in quiz playlist
You Got
0%
They Got
Avg Score
36%
Avg Friend Score
Upgrade to see
Score Distribution
Jump to the score distribution portion of the page
Score
0/26
Timer
06:00
0
Plays Today
Position
Player
% Correct
Quarterback
Matt Barkley
91.4%
Running Back
Montee Ball
86.7%
Running Back
Marcus Lattimore
76.2%
Wide Receiver
Sammy Watkins
67.6%
Wide Receiver
Robert Woods
65.7%
Defensive End
Jadeveon Clowney
61.9%
Center
Barrett Jones
59%
Linebacker
Jarvis Jones
59%
Linebacker
Chase Thomas
54.3%
All Purpose
De'Anthony Thomas
54.3%
Linebacker
Manti T'eo
51.4%
Tight End
Tyler Eifert
36.2%
Punter
Brad Wing
27.6%
Position
Player
% Correct
Safety
Eric Reid
21.9%
Tackle
Luke Joeckel
16.2%
Corner Back
David Amerson
14.3%
Defensive Tackle
Star Lotulelei
13.3%
Defensive End
Sam Montgomery
13.3%
Corner Back
Johnthan Banks
13.3%
Safety
T.J. McDonald
12.4%
Guard
Jonathan Cooper
9.5%
Defensive Tackle
Kawann Short
8.6%
Tackle
Ricky Wagner
6.7%
Return Specialist
Tyler Lockett
6.7%
Guard
Chance Warmack
5.7%
Kicker
Quinn Sharp
5.7%
Quiz Playlist
Details
Report
Send in Message
Add To Playlist
Classic:
Type in answers that appear in a list
Last Updated: Feb 16, 2017
Quiz Scoreboard
CHALLENGE
Sign Up to Join the Scoreboard
Show All
Scores
Hide
Comments
May contain spoilers
Recently Published
9x9 Crossword: Cartoon Network
by jackfrog10
Miscellaneous
3m
College Basketball Coaching Resumes
by pancakes188
Sports
9m
Billboard Blitz: Fleetwood Mac
by CooCooCachoo
Music
15s
More to Explore
Quiz From the Vault
Featured Blog Post
Where Did the Easter Bunny Come From?
hide this ad
You Might Also Like...
Tags
2012
NCAA Football
Position Players
Sports Illustrated
Today's Top Quizzes in Sports
Browse Sports
hide this ad
Today's Top Quizzes in 2012
Browse 2012
Top Contributed Quizzes in Sports
1
2022 World Cup Stars
2
Les meilleurs buteurs des matchs entre le PSG et l’OM
3
FIFA Club World Cup Champions
4
Les entraîneurs de l'OM et du PSG au 21e siècle
5
Criteria MLB: Left Handed Sluggers
6
AFC Teams Reveal (Wrong Answers Minefield)
7
2023 MLB Unique Player Accomplishments
8
5-to-1: FBS Animal Nicknames
9
Players with Multiple 50 Home Run Seasons
10
5-to-1: UK Sports Teams
Explore More
Trending Topics
Harry Potter
Disney
Anime
Kpop
Crossword
NBA
Marvel
Soccer
WWE
Pokémon
Country
The Office
Puzzle
Song
NFL
hide this ad
More By:
jcn92
Quiz
Plays
Rating
Category
Featured
Created
Rivals 100 Top 5
1,343
3.54
Sports
Dec 10, 2009
Top 25 Franchises of the Decade
912
1.54
Sports
Dec 31, 2009
Sporting News Top 50 MLB Players
714
2.00
Sports
Jan 24, 2010
Top 100 College Football Players
665
2.67
Sports
Aug 1, 2014
Not a Heisman Finalist (2000s)
324
4.17
Sports
Jan 18, 2012
Go to Creator's Profile
Score Distribution
Quiz Creator Spotlight
jcn92
Follow
Send a Message
Quizzes Created
-
Created Quiz Play Count
-
More By This Creator
Popular Quizzes Today
1
Find the US States - No Outlines Minefield
2
Find the Countries of Europe - No Outlines Minefield
3
The Countries of the World
4
Find the US States
5
Risky Map Clicking: Biggest States A-Z
6
US States
7
Popular People in 1961
8
Movies - When Are They Set?
More Sports Quizzes
EUROLEAGUE 10 GREATEST PLAYERS PER TEAM (2000-present)
Quiz Lab
Trending Quizzes
Risky Map Clicking: Least Populous States A-Z
1-10 Letter G Words
1-10 Letter F Words
Risky Map Clicking: Next State Alphabetically
Adjectives in 80s TV Shows
Recently Updated
Leaping Animals
pecheneg
Reality TV Shows (A-Z)
bhenderson79
Rickey Henderson's Hall of Fame Teammates
pecheneg
Champions League XIs: Arsenal
pecheneg
Quick Pick: Celebrities in WWE's Hall of Fame
aduchscher
A-Z Keypad Blitz II
pecheneg
Multiple Oscar Actors
pecheneg
Mystery Phrase Blitz: Oscar 'Best Actors'
pecheneg
F. Scott Fitzgerald Novels
LTH
Pick 3 Villains
ddd62291
Trending Topics
Harry Potter
Marvel
Crossword
Anime
NBA
Kpop
Disney
WWE
Song
Soccer
Puzzle
Country
Pokémon
NFL
The Office
Your Account Isn't Verified!
In order to create a playlist on Sporcle, you need to verify the email address you used during registration. Go to your
Sporcle Settings
to finish the process.
Report this User
Report this user for behavior that violates our
Community Guidelines
.
Details:
Send Report
Go to the Sporcle.com Mobile Site →
Comments